Vizualizácia hazardov kombinačnej časti asynchrónnych obvodov

Na minha lista:
Detalhes bibliográficos
Autor principal: Jurkovič, Peter, 1991- (Author)
Outros Autores: Tomalová, Elena, 1947- (Thesis advisor)
Formato: Manuscrito Livro
Idioma:eslovaco
Publicado em: Bratislava : STU v Bratislave FIIT, 2013
Assuntos:
Acesso em linha:VAIS
Tags: Adicionar Tag
Sem tags, seja o primeiro a adicionar uma tag!

MARC

LEADER 00000ntm a22000003a 4500
001 stu275727
005 20150617230235.6
008 131005s2013----xo------------------slo-d
040 |a STU  |b slo 
041 0 |a slo 
044 |a xo 
100 1 |a Jurkovič, Peter,  |d 1991-  |4 aut  |u I200  |U FIIT Fakulta informatiky a informačných technológií  |T FIIT Ústav informatiky a softvérového inžinierstva  |X 64510  |U I200  |Y 179  |7 A000064510 
242 0 0 |a Visualization of hazards in combinational part of asynchronous circuits  |y eng 
245 1 |a Vizualizácia hazardov kombinačnej časti asynchrónnych obvodov 
260 |a Bratislava :  |b STU v Bratislave FIIT,  |c 2013 
300 |a 65 s  |c príl. 
650 7 |a Computer and Communication Systems and Networks  |2 estusub 
650 7 |a počítačové a komunikačné systémy a siete  |2 stusub 
700 1 |a Tomalová, Elena,  |d 1947-  |4 ths  |u I100  |U FIIT Fakulta informatiky a informačných technológií  |T FIIT Ústav počítačových systémov a sietí  |X 1826  |U I100  |Y 178  |7 A000001826 
856 4 |a info a plný text  |u http://is.stuba.sk/zp/portal_zp.pl?podrobnosti=74562  |3 VAIS 
996 |b IBAP32/13  |c I*BAP32/13  |l I  |s P  |a 0  |w stu275727_0001